[Event "Berlin-ch Seniors op 33rd"]
[Site "Berlin"]
[Date "2017.02.07"]
[Round "7"]
[White "Rinke, Lothar"]
[Black "Bolle, Dietrich"]
[Result "0-1"]
[WhiteElo "1746"]
[BlackElo "1590"]
[PlyCount "85"]
[EventDate "2017.01.31"]
[EventType "swiss"]
[EventRounds "9"]
[EventCountry "GER"]
[SourceTitle "EXT 2019"]
[Source "ChessBase"]
[SourceDate "2018.10.10"]
[SourceVersion "1"]
[SourceVersionDate "2018.10.10"]
[SourceQuality "1"]

1. c4 e5 2. Nc3 Nc6 3. g3 Nf6 4. Bg2 Bb4 5. a3 Bxc3 6. dxc3 0-0 7. Nf3 h6 8. 0-0 d6 9. b4 Be6 10. Nd2 Bd7 11. e4 b6 12. Qe2 a5 13. b5 Ne7 14. a4 Ng6 15. Re1 Qc8 16. Nf1 Nh7 17. Ne3 Ng5 18. f3 Ne6 19. Ba3 Re8 20. Rad1 Nc5 21. Bxc5 bxc5 22. Nd5 f5 23. Rb1 Rb8 24. Ra1 f4 25. Rab1 fxg3 26. hxg3 Bh3 27. Nxc7 Rf8 28. Bxh3 Qxh3 29. Qg2 Qh5 30. Rf1 Rf7 31. Nd5 Rbf8 32. g4 Qg5 33. Rb2 Nh4 34. Qg3 Rxf3 35. Rxf3 Nxf3+ 36. Kg2 Nh4+ 37. Kh2 Rf3 38. Qg1 Rxc3 39. Nxc3 Nf3+ 40. Kh1 Nxg1 41. Kxg1 Qc1+ 42. Nd1 Qxd1+ 43. Kf2 0-1

[Event "Berlin-ch Seniors op 31st"]
[Site "Berlin"]
[Date "2015.02.05"]
[Round "7"]
[White "Thur, Herbert"]
[Black "Bolle, Dietrich"]
[Result "1-0"]
[WhiteElo "1217"]
[BlackElo "1381"]
[PlyCount "97"]
[EventDate "2015.01.29"]
[EventType "swiss"]
[EventRounds "9"]
[EventCountry "GER"]
[SourceTitle "EXT 2018"]
[Source "ChessBase"]
[SourceDate "2017.10.13"]
[SourceVersion "1"]
[SourceVersionDate "2017.10.13"]
[SourceQuality "1"]

1. d4 Nf6 2. Bf4 g6 3. e3 Bg7 4. c4 d5 5. Nc3 c6 6. h3 Nbd7 7. b4 dxc4 8. Bxc4 0-0 9. Nf3 Nb6 10. Bb3 Nbd5 11. Nxd5 cxd5 12. 0-0 e6 13. Rc1 Ne8 14. Rc3 b6 15. Qc2 Ba6 16. Rc1 Nd6 17. a4 Bc4 18. Ne5 Rc8 19. Nxc4 dxc4 20. Bxc4 Nxc4 21. Rxc4 Rxc4 22. Qxc4 Qd7 23. b5 Rd8 24. Qc6 Bf8 25. Qxd7 Rxd7 26. Rc8 Kg7 27. Be5+ Kg8 28. Rc7 Rxc7 29. Bxc7 Be7 30. Bb8 Bd8 31. Bxa7 Kf8 32. Bb8 Ke7 33. e4 Kd7 34. e5 Kc8 35. Bd6 Kd7 36. f4 f6 37. Kf2 h5 38. g4 hxg4 39. hxg4 f5 40. g5 Bc7 41. Bb4 Kc8 42. Ke3 Kd7 43. Kd3 Bd8 44. Kc4 Bc7 45. d5 Bd8 46. Bd6 Bxg5 47. fxg5 f4 48. dxe6+ Kxe6 49. Kd3 1-0

[Event "Berlin-ch Seniors op 31st"]
[Site "Berlin"]
[Date "2015.02.04"]
[Round "6"]
[White "Bolle, Dietrich"]
[Black "Kammler, Hans Joachim"]
[Result "1/2-1/2"]
[WhiteElo "1381"]
[BlackElo "1483"]
[PlyCount "43"]
[EventDate "2015.01.29"]
[EventType "swiss"]
[EventRounds "9"]
[EventCountry "GER"]
[SourceTitle "EXT 2018"]
[Source "ChessBase"]
[SourceDate "2017.10.13"]
[SourceVersion "1"]
[SourceVersionDate "2017.10.13"]
[SourceQuality "1"]

1. d4 Nf6 2. c4 e6 3. Bg5 Be7 4. e3 b6 5. Nf3 Bb7 6. Bd3 d6 7. 0-0 Nbd7 8. Nbd2 c5 9. Re1 0-0 10. Qc2 Rc8 11. Rac1 h6 12. Bh4 Kh8 13. e4 cxd4 14. e5 Nd5 15. Bxe7 Qxe7 16. Qa4 Nf4 17. Bf1 Bc6 18. Qa3 Bxf3 19. Nxf3 Nc5 20. exd6 Qxd6 21. Ne5 Qc7 22. Qf3 1/2-1/2

[Event "Berlin-ch Seniors op 27th"]
[Site "Berlin"]
[Date "2011.02.03"]
[Round "6"]
[White "Bolle, Dietrich"]
[Black "Ollek, Karl Heinz"]
[Result "0-1"]
[WhiteElo "1387"]
[BlackElo "1582"]
[PlyCount "82"]
[EventDate "2011.01.29"]
[EventType "swiss"]
[EventRounds "9"]
[EventCountry "GER"]
[SourceTitle "EXT 2012"]
[Source "ChessBase"]
[SourceDate "2011.11.24"]
[SourceVersion "1"]
[SourceVersionDate "2011.11.24"]
[SourceQuality "1"]

1. d4 f5 2. Bf4 Nf6 3. Nf3 e6 4. Nc3 Be7 5. d5 exd5 6. Nxd5 d6 7. e3 c6 8. Nxe7 Kxe7 9. Bd3 Be6 10. a3 Nbd7 11. Nd4 g6 12. c4 Ne5 13. Nxe6 Kxe6 14. Be2 h6 15. Bxe5 dxe5 16. Qb3 Qa5+ 17. Kf1 Qb6 18. Qc2 c5 19. Rd1 Rad8 20. f3 Rxd1+ 21. Bxd1 Rd8 22. Kf2 Qd6 23. Be2 e4 24. Rd1 Qc7 25. Rxd8 Qxd8 26. f4 g5 27. g3 gxf4 28. gxf4 b6 29. Qc3 Qd6 30. Qc2 a5 31. Qc3 Kf7 32. Qb3 Kg6 33. Qc2 h5 34. Qc1 Ng4+ 35. Kg3 Qd8 36. h4 Kh6 37. Bxg4 hxg4 38. Qc3 Kh5 39. Kg2 Kxh4 40. Qe1+ Kh5 41. Kg3 Qh4+ 0-1

[Event "Berlin-ch Seniors op 26th"]
[Site "Berlin"]
[Date "2010.02.16"]
[Round "8"]
[White "Bolle, Dietrich"]
[Black "Bremer, Helmut"]
[Result "1-0"]
[WhiteElo "1352"]
[BlackElo "1192"]
[PlyCount "61"]
[EventDate "2010.02.09"]
[EventType "swiss"]
[EventRounds "9"]
[EventCountry "GER"]
[SourceTitle "EXT 2012"]
[Source "ChessBase"]
[SourceDate "2011.11.24"]
[SourceVersion "1"]
[SourceVersionDate "2011.11.24"]
[SourceQuality "1"]

1. d4 Nf6 2. Nf3 g6 3. c4 Bg7 4. Nc3 b6 5. e3 Bb7 6. Bd3 Nc6 7. d5 Nb4 8. Be2 e6 9. a3 Na6 10. e4 exd5 11. cxd5 0-0 12. e5 Ng4 13. Bf4 c6 14. h3 Nh6 15. 0-0 Nf5 16. dxc6 Bxc6 17. Bxa6 Qb8 18. Be2 f6 19. exf6 Qxf4 20. fxg7 Rf7 21. Nd5 Qh6 22. Ne5 Qg5 23. Nxf7 Kxf7 24. f4 Qh4 25. Rf3 Kxg7 26. Qd3 Re8 27. Bf1 Qd8 28. g4 Ne7 29. Qc3+ Kf8 30. Nxe7 Bxf3 31. Qf6# 1-0

[Event "Berlin-ch Seniors op 26th"]
[Site "Berlin"]
[Date "2010.02.13"]
[Round "5"]
[White "Krusemark, Gerhard"]
[Black "Bolle, Dietrich"]
[Result "1-0"]
[WhiteElo "1603"]
[BlackElo "1352"]
[PlyCount "89"]
[EventDate "2010.02.09"]
[EventType "swiss"]
[EventRounds "9"]
[EventCountry "GER"]
[SourceTitle "EXT 2012"]
[Source "ChessBase"]
[SourceDate "2011.11.24"]
[SourceVersion "1"]
[SourceVersionDate "2011.11.24"]
[SourceQuality "1"]

1. e4 c5 2. Nc3 Nc6 3. f4 e6 4. Nf3 Nf6 5. Bb5 Nd4 6. a3 Nxb5 7. Nxb5 a6 8. Nc3 d5 9. e5 Ne4 10. Nxe4 dxe4 11. Ng5 b6 12. Nxe4 Bb7 13. d3 Bxe4 14. dxe4 Qxd1+ 15. Kxd1 c4 16. Be3 b5 17. Ke2 Be7 18. Rhd1 0-0 19. Rd7 Rfe8 20. Bb6 f6 21. exf6 Bxf6 22. e5 Bd8 23. Bxd8 Rexd8 24. Rad1 Rxd7 25. Rxd7 Kf8 26. Ke3 h5 27. Ke4 a5 28. f5 exf5+ 29. Kxf5 b4 30. axb4 axb4 31. Rc7 c3 32. bxc3 bxc3 33. Rxc3 Rd8 34. Rd3 Rc8 35. Rd2 Ke7 36. h3 Rc6 37. Re2 g6+ 38. Kg5 Ke8 39. e6 Rc5+ 40. Kxg6 Ke7 41. g4 h4 42. g5 Rc3 43. Kh7 Rxh3 44. g6 Rc3 45. g7 1-0

[Event "Berlin-ch Seniors op 26th"]
[Site "Berlin"]
[Date "2010.02.10"]
[Round "2"]
[White "Bolle, Dietrich"]
[Black "Kranch, Klaus"]
[Result "1/2-1/2"]
[WhiteElo "1352"]
[BlackElo "1598"]
[PlyCount "86"]
[EventDate "2010.02.09"]
[EventType "swiss"]
[EventRounds "9"]
[EventCountry "GER"]
[SourceTitle "EXT 2012"]
[Source "ChessBase"]
[SourceDate "2011.11.24"]
[SourceVersion "1"]
[SourceVersionDate "2011.11.24"]
[SourceQuality "1"]

1. d4 d5 2. Nf3 e6 3. e3 c5 4. c4 Nc6 5. Nc3 Nf6 6. Bd3 cxd4 7. exd4 Be7 8. 0-0 0-0 9. a3 dxc4 10. Bxc4 a6 11. Bd3 Qc7 12. Be3 Rd8 13. Qc2 h6 14. Ne2 Bd6 15. Ng3 Bd7 16. Ne4 Nxe4 17. Bxe4 f5 18. Bd3 Rac8 19. Rac1 Rf8 20. Qd2 f4 21. Ne5 fxe3 22. Qxe3 Bxe5 23. dxe5 Qxe5 24. Qd2 Nd4 25. f4 Qf6 26. Rce1 Rcd8 27. Qb4 Bc6 28. Qc3 Bb5 29. Bxb5 Nxb5 30. Qxf6 Rxf6 31. Rf2 Rd5 32. Rc1 Nd6 33. g3 e5 34. fxe5 Rxf2 35. Kxf2 Rxe5 36. Rc2 Kf7 37. Kf3 g5 38. Kg4 h5+ 39. Kxh5 Kf6 40. Rf2+ Rf5 41. Re2 Nf7 42. Rd2 Re5 43. Rf2+ Kg7 1/2-1/2

[Event "Berlin Lichtenberger op 8th"]
[Site "Berlin"]
[Date "2009.08.16"]
[Round "3"]
[White "Bolle, Dietrich"]
[Black "Schild, Reinhard"]
[Result "0-1"]
[WhiteElo "1374"]
[BlackElo "1593"]
[PlyCount "83"]
[EventDate "2009.08.15"]
[EventType "swiss"]
[EventRounds "9"]
[EventCountry "GER"]
[SourceTitle "CBM 131 Extra"]
[Source "ChessBase"]
[SourceDate "2009.09.03"]
[SourceVersion "2"]
[SourceVersionDate "2009.09.16"]
[SourceQuality "1"]

1. d4 d5 2. Nf3 c6 3. e3 Nf6 4. c4 e6 5. Bd3 Nbd7 6. 0-0 dxc4 7. Bxc4 b5 8. Be2 Bb7 9. Nbd2 a6 10. e4 c5 11. e5 Nd5 12. dxc5 Bxc5 13. Nb3 Ba7 14. Bg5 Qb6 15. Rc1 Bb8 16. Nc5 Nxc5 17. Qd4 Ba7 18. Bh4 Nd7 19. Qg4 Kf8 20. Bd3 Bb8 21. Bg3 Ne7 22. Rfe1 h5 23. Qb4 a5 24. Qxb5 Qxb5 25. Bxb5 Nb6 26. Red1 Bd5 27. h4 Ba7 28. Nd4 Rc8 29. b3 g6 30. Bf4 Kg7 31. Bg5 Rxc1 32. Rxc1 Rc8 33. Bf6+ Kf8 34. Bxe7+ Kxe7 35. Rxc8 Nxc8 36. Nc6+ Bxc6 37. Bxc6 Bd4 38. g3 Bxe5 39. f4 Bc3 40. Kf2 Nd6 41. Kf3 Nf5 42. Bb5 0-1

[Event "Berlin-ch Seniors op 25th"]
[Site "Berlin"]
[Date "2009.02.18"]
[Round "7"]
[White "Bolle, Dietrich"]
[Black "Schick, Albert"]
[Result "0-1"]
[WhiteElo "1336"]
[BlackElo "1739"]
[PlyCount "52"]
[EventDate "2009.02.12"]
[EventType "swiss"]
[EventRounds "9"]
[EventCountry "GER"]
[SourceTitle "EXT 2022"]
[Source "ChessBase"]
[SourceDate "2021.10.06"]
[SourceVersion "1"]
[SourceVersionDate "2021.10.06"]
[SourceQuality "1"]

1. d4 e6 2. e4 d5 3. e5 c5 4. c4 dxc4 5. Qa4+ Nc6 6. dxc5 Bxc5 7. Nf3 Qb6 8. Qc2 Nd4 9. Nxd4 Bxd4 10. Nc3 Bd7 11. Bxc4 Rc8 12. Qe2 Qc5 13. Nb5 Bxe5 14. 0-0 Qxc4 15. Qxe5 Bxb5 16. Be3 f6 17. Qd6 Qc6 18. Rfd1 Qxd6 19. Rxd6 Rc6 20. Rd2 b6 21. a4 Bc4 22. b4 Ne7 23. b5 Rc8 24. Rc1 Bd5 25. Rxc8+ Nxc8 26. Rc2 Kd7 0-1

[Event "Berlin-ch Seniors op 24th"]
[Site "Berlin"]
[Date "2008.02.29"]
[Round "9"]
[White "Bolle, Dietrich"]
[Black "Schiemann, Dieter"]
[Result "1-0"]
[WhiteElo "1387"]
[BlackElo "1165"]
[PlyCount "45"]
[EventDate "2008.02.21"]
[EventType "swiss"]
[EventRounds "9"]
[EventCountry "GER"]
[SourceTitle "EXT 2022"]
[Source "ChessBase"]
[SourceDate "2021.10.06"]
[SourceVersion "1"]
[SourceVersionDate "2021.10.06"]
[SourceQuality "1"]

1. d4 d5 2. c4 e6 3. Nc3 Bb4 4. Nf3 Bxc3+ 5. bxc3 Ne7 6. e3 0-0 7. Ba3 Re8 8. Bd3 Ng6 9. 0-0 b6 10. Ne5 Nxe5 11. dxe5 Qg5 12. f4 Qh6 13. Rf3 g6 14. Rh3 Qg7 15. Qf3 Bb7 16. cxd5 f5 17. c4 c5 18. Rd1 Nd7 19. Qf2 Nxe5 20. fxe5 Qxe5 21. Bb2 Qd6 22. Qh4 h5 23. Qf6 1-0

[Event "Berlin-ch Seniors op 24th"]
[Site "Berlin"]
[Date "2008.02.23"]
[Round "3"]
[White "Bolle, Dietrich"]
[Black "Hahn, Wolfgang"]
[Result "1-0"]
[WhiteElo "1387"]
[BlackElo "1535"]
[PlyCount "81"]
[EventDate "2008.02.21"]
[EventType "swiss"]
[EventRounds "9"]
[EventCountry "GER"]
[SourceTitle "EXT 2022"]
[Source "ChessBase"]
[SourceDate "2021.10.06"]
[SourceVersion "1"]
[SourceVersionDate "2021.10.06"]
[SourceQuality "1"]

1. d4 d5 2. Nf3 Nf6 3. c4 dxc4 4. Nc3 Bg4 5. Ne5 Nbd7 6. Nxg4 Nxg4 7. h3 Ngf6 8. e3 Nb6 9. b3 e6 10. bxc4 Bb4 11. Bd2 0-0 12. Rb1 c5 13. dxc5 Bxc5 14. Qc2 Qe7 15. Be2 Rac8 16. 0-0 Bb4 17. Qb3 Bxc3 18. Bxc3 Ne4 19. Bb4 Nc5 20. Qa3 Nbd7 21. Qxa7 Ra8 22. Qxb7 Rfe8 23. Rfd1 Rxa2 24. Bxc5 Qxc5 25. Qxd7 Rf8 26. Rd2 Ra7 27. Qd4 Qc7 28. Rbd1 g6 29. c5 Ra5 30. Rc2 Rc8 31. Rdc1 Rd8 32. Qc4 e5 33. Bf3 Kg7 34. Bd5 Rc8 35. e4 f6 36. c6 Rca8 37. Rb2 Ra4 38. Qc2 Qd6 39. Rb7+ Kh6 40. c7 Ra1 41. c8Q 1-0

[Event "Berlin-ch Seniors op 23rd"]
[Site "Berlin"]
[Date "2007.02.12"]
[Round "8"]
[White "Thur, Herbert"]
[Black "Bolle, Dietrich"]
[Result "0-1"]
[WhiteElo "1363"]
[BlackElo "1339"]
[PlyCount "90"]
[EventDate "2007.02.05"]
[EventType "swiss"]
[EventRounds "9"]
[EventCountry "GER"]
[SourceTitle "EXT 2022"]
[Source "ChessBase"]
[SourceDate "2021.10.06"]
[SourceVersion "1"]
[SourceVersionDate "2021.10.06"]
[SourceQuality "1"]

1. d4 Nf6 2. c4 e6 3. a3 c5 4. d5 exd5 5. cxd5 d6 6. Nc3 Bf5 7. g3 Be7 8. Bg2 0-0 9. e4 Bg6 10. Nge2 h6 11. 0-0 Re8 12. Qd3 Nbd7 13. Bf4 Ng4 14. h3 Nge5 15. Qc2 Bf8 16. Nc1 Nb6 17. Bxe5 dxe5 18. Na4 Nd7 19. Bf3 Nf6 20. Re1 Qc8 21. Kh2 Nxd5 22. Qc4 Nb6 23. Nxb6 axb6 24. Ne2 Qc6 25. Nc3 Kh8 26. Rad1 Red8 27. g4 Rd4 28. Qe2 Rad8 29. Qb5 Qf6 30. Kg3 Be7 31. Nd5 R8xd5 32. exd5 Qf4+ 33. Kg2 e4 34. Rxd4 Qxf3+ 35. Kg1 cxd4 36. Qe8+ Kh7 37. Qxe7 d3 38. Re3 Qd1+ 39. Kg2 d2 40. Qb4 Qf3+ 41. Rxf3 exf3+ 42. Kxf3 d1Q+ 43. Kg3 Qxd5 44. Qxb6 Qe5+ 45. Kh4 Be4 0-1

[Event "Berlin-ch Seniors op 23rd"]
[Site "Berlin"]
[Date "2007.02.11"]
[Round "7"]
[White "Bolle, Dietrich"]
[Black "Loos, Wolfgang"]
[Result "0-1"]
[WhiteElo "1339"]
[BlackElo "1391"]
[PlyCount "56"]
[EventDate "2007.02.05"]
[EventType "swiss"]
[EventRounds "9"]
[EventCountry "GER"]
[SourceTitle "EXT 2022"]
[Source "ChessBase"]
[SourceDate "2021.10.06"]
[SourceVersion "1"]
[SourceVersionDate "2021.10.06"]
[SourceQuality "1"]

1. d4 Nf6 2. c4 e6 3. Nf3 c5 4. e3 b6 5. Be2 Bb7 6. 0-0 Qc7 7. Nbd2 Bd6 8. b3 0-0 9. Bb2 Ne4 10. Rc1 Nxd2 11. Qxd2 Nc6 12. a3 a5 13. dxc5 Bxc5 14. Rfd1 d6 15. Bd3 f5 16. Ng5 Rae8 17. f4 h6 18. Nf3 Qf7 19. Re1 Qg6 20. g3 e5 21. fxe5 dxe5 22. Bc2 Qg4 23. Bd1 Qe4 24. Kf2 Rd8 25. Qc2 Rd3 26. Nd2 Bxe3+ 27. Rxe3 Qxe3+ 28. Kg2 Rxd2+ 0-1

[Event "Berlin-ch Seniors op 23rd"]
[Site "Berlin"]
[Date "2007.02.05"]
[Round "1"]
[White "Rehder, Frank"]
[Black "Bolle, Dietrich"]
[Result "1-0"]
[WhiteElo "1727"]
[BlackElo "1339"]
[PlyCount "56"]
[EventDate "2007.02.05"]
[EventType "swiss"]
[EventRounds "9"]
[EventCountry "GER"]
[SourceTitle "EXT 2022"]
[Source "ChessBase"]
[SourceDate "2021.10.06"]
[SourceVersion "1"]
[SourceVersionDate "2021.10.06"]
[SourceQuality "1"]

1. d4 Nf6 2. c4 e6 3. Nf3 d5 4. e3 c6 5. Nc3 Be7 6. Bd3 dxc4 7. Bxc4 Nbd7 8. 0-0 0-0 9. b3 Qc7 10. Bb2 Nb6 11. Bd3 Nbd5 12. Rc1 a6 13. Bb1 Re8 14. Qd3 Bd6 15. a3 Ne7 16. Ne2 Ng6 17. Ng3 e5 18. Qc2 exd4 19. Nxd4 Bd7 20. Rfd1 Bxg3 21. hxg3 Ne4 22. Qe2 Nf6 23. b4 Bg4 24. f3 Qxg3 25. fxg4 Nxg4 26. Nf3 Nf4 27. Qc2 g6 28. exf4 Re1+ 1-0

[Event "Brandenburg-ch Seniors 22nd"]
[Site "Berlin"]
[Date "2006.02.27"]
[Round "7"]
[White "Heyne, Klaus"]
[Black "Bolle, Dietrich"]
[Result "1/2-1/2"]
[WhiteElo "1145"]
[BlackElo "1426"]
[PlyCount "33"]
[EventDate "2006.02.20"]
[EventType "swiss"]
[EventRounds "9"]
[EventCountry "GER"]
[SourceTitle "EXT 2007"]
[Source "ChessBase"]
[SourceDate "2006.11.23"]
[SourceVersion "1"]
[SourceVersionDate "2006.11.23"]
[SourceQuality "1"]

1. d4 Nf6 2. c4 e6 3. Nc3 d5 4. cxd5 exd5 5. Nf3 c6 6. e3 Bd6 7. Bd3 Bg4 8. h3 Bh5 9. g4 Bg6 10. Bxg6 hxg6 11. Ke2 Nbd7 12. a3 a6 13. b4 Ne4 14. Nxe4 dxe4 15. Nd2 Nf6 16. Qc2 Qe7 17. g5 1/2-1/2

[Event "Brandenburg-ch Seniors 22nd"]
[Site "Berlin"]
[Date "2006.02.23"]
[Round "4"]
[White "Berg, Gerd"]
[Black "Bolle, Dietrich"]
[Result "1-0"]
[WhiteElo "1413"]
[BlackElo "1426"]
[PlyCount "32"]
[EventDate "2006.02.20"]
[EventType "swiss"]
[EventRounds "9"]
[EventCountry "GER"]
[SourceTitle "EXT 2007"]
[Source "ChessBase"]
[SourceDate "2006.11.23"]
[SourceVersion "1"]
[SourceVersionDate "2006.11.23"]
[SourceQuality "1"]

1. c4 Nf6 2. d4 e6 3. Nc3 Bb4 4. Qc2 c5 5. dxc5 Bxc5 6. e3 b6 7. Nf3 Bb7 8. Be2 d5 9. 0-0 dxc4 10. Qa4+ Bc6 11. Qxc4 Nbd7 12. Rd1 Qb8 13. Nd4 Ne5 14. Nxc6 Nxc6 15. Bf3 Qb7 16. b4 Bxb4 1-0